Фундаментальные основы наукоемких технологий: цикл лекций

Bibliographic Details
Main Author: Гладун А. Д. Анатолий Деомидович
Summary:Даются основы знаний в области концептуального проектирования технических систем и технологических процессов. Представлена оригинальная концепция структурирования физического знания. Показано, что современная техносфера функционирует в рамках определенной физико-энергетической среды и что в инженерной практике принципиально важен поиск новых конкурентноспособных методов концентрации энер­гии в малые объемы за малые промежутки времени. На осно­ве единого энергетического подхода рассмотрены актуальные проблемы современности: промышленное производство и кли­мат Земли, энергия биосферы, энергетика магнитосферы Зем­ли, проблемы солнечной тепловой энергетики, концепция атомно-водородной энергетики. Рассмотрены также актуаль­ные проблемы трибологии. Оцениваются перспективы теории физических структур.Лекции будут полезны специалистам промышленности, свя­занным с инновационной деятельностью, студентам и препо­давателям инженерных специальностей.
Language:Russian
Published: Долгопрудный, Интеллект, 2015
Subjects:
Format: Book
KOHA link:https://koha.lib.tpu.ru/cgi-bin/koha/opac-detail.pl?biblionumber=282293

MARC

LEADER 00000nam0a2200000 4500
001 282293
005 20231101235502.0
010 |a 9785915592000 
035 |a (RuTPU)RU\TPU\book\306174 
090 |a 282293 
100 |a 20150129d2015 m y0rusy50 ca 
101 0 |a rus 
102 |a RU 
105 |a a j 000zy 
200 1 |a Фундаментальные основы наукоемких технологий  |e цикл лекций  |f А. Д. Гладун 
210 |a Долгопрудный  |c Интеллект  |d 2015 
215 |a 102 с.  |c ил. 
330 |a Даются основы знаний в области концептуального проектирования технических систем и технологических процессов. Представлена оригинальная концепция структурирования физического знания. Показано, что современная техносфера функционирует в рамках определенной физико-энергетической среды и что в инженерной практике принципиально важен поиск новых конкурентноспособных методов концентрации энер­гии в малые объемы за малые промежутки времени. На осно­ве единого энергетического подхода рассмотрены актуальные проблемы современности: промышленное производство и кли­мат Земли, энергия биосферы, энергетика магнитосферы Зем­ли, проблемы солнечной тепловой энергетики, концепция атомно-водородной энергетики. Рассмотрены также актуаль­ные проблемы трибологии. Оцениваются перспективы теории физических структур.Лекции будут полезны специалистам промышленности, свя­занным с инновационной деятельностью, студентам и препо­давателям инженерных специальностей. 
606 1 |a Технический прогресс, научный  |2 stltpush  |3 (RuTPU)RU\TPU\subj\74788  |9 86794 
610 1 |a техносфера 
610 1 |a наукоемкие технологии 
610 1 |a энергия 
610 1 |a энергетика 
610 1 |a климат 
610 1 |a биосфера 
610 1 |a солнечная энергетика 
610 1 |a трение 
610 1 |a сухое трение 
610 1 |a роторы 
610 1 |a упругие опоры 
610 1 |a атомно-водородная энергетика 
610 1 |a физическая аксиоматика 
610 1 |a искусственный интеллект 
610 1 |a лекции 
610 1 |a учебные пособия 
675 |a 62.001.7(07)  |v 4 
700 1 |a Гладун  |b А. Д.  |g Анатолий Деомидович 
801 1 |a RU  |b 63413507  |c 20150129 
801 2 |a RU  |b 63413507  |c 20151109  |g RCR 
900 |a Проектирование технологических процессов 
942 |c BK 
959 |a 4/20150129  |d 5  |e 693,00  |f ЧЗТЛ:1  |f АНЛ:1  |f УФ:3 
959 |a 112/20150907  |d 5  |e 693,00  |f ЧЗТЛ:1  |f УФ:4